The Dave Grohl Quiz - Statistics

General Stats
  • This quiz has been taken 10 times
  • The average score is 15 of 24
Answer Stats
Hint Answer % Correct
After the death of the above, Dave formed the following band Foo Fighters
100%
Who was the lead singer of that band Kurt Cobain
100%
Dave became famous for being the drummer in which band? Nirvana
100%
Most famous song of the above band Smells Like Teen Spirit
100%
There goes..... ...... he's ordinary My Hero
89%
Hello, I've waited here for you...... Everlong
78%
Joined the band as a touring guitarist and later joined Dave's second band. Was previously in a band called 'The Germs' Pat Smear
78%
Dave drums for this Jack Black led band Tenacious D
78%
What id I said I'm not like the others? What if I said that your not the only one The Pretender
78%
Most famous drummer of said band, tragically died in 2023. Two tribute concerts were held in his honor Taylor Hawkins
67%
One of Dave's daughters, also a singer Violet Grohl
67%
Dave and his second band performed at the final episode for this now retired late night show host David Letterman
56%
At a festival, Dave and his second band performed a cover of Never Gonna Give You Up with Rick Astley
56%
Gimme some....I'm coming loose Rope
56%
Fingernails are pretty, fingernails are good This Is a Call
56%
Actor who infamously introduced Dave's second band with a bizarre pronounciation on SNL Christopher Walken
44%
Dave would later create this song as a sort of diss track to the above's wife I'll Stick Around
44%
In which state was Dave Grohl born? Ohio
44%
Dave and his second band created and starred in a horror film together titled Studio 666
44%
Who is Dave Grohl's wife? Jordyn Blum
33%
Replacement drummer for the above who was kicked off the band recently without much explanation Josh Freese
33%
Dave was inspired to join said band after hearing a demo of this song About a Girl
22%
Title of Dave Grohl's autobiography Dave Grohl: The Storyteller
22%
Bass player of the above Nate Mendel
22%
No matching quizzes found
Score Distribution
Percent of People with Each Score
Percentile by Number Answered
Your Score History
You have not taken this quiz